| 000 | 00724nam a2200229Ia 4500 | ||
|---|---|---|---|
| 003 | GCL | ||
| 008 | 140319s9999 xx 000 0 ara d | ||
| 040 |
_aGCL / _cGCL |
||
| 082 | 0 | 4 |
_aق _b916.216 _bا ق |
| 100 | 1 | _aابتسام محمد على | |
| 245 | 1 | 0 |
_aالقاهرة / _cابتسام محمد على |
| 700 | 1 | _aعادل ابوبكر | |
| 260 |
_aالقاهرة : _bوزارة الاعلام الهيئة العامة للاستعلامات |
||
| 300 |
_a73 ص: _bايض ؛ _c27 سم |
||
| 490 | _a | ||
| 650 | 0 | 4 | _aمصر |
| 650 | 0 | 4 | _aالاثار الاسلامية |
| 650 | 0 | 4 | _aاحياء وضواحى |
| 650 | 0 | 4 | _aالقاهرة |
| 650 | 0 | 4 | _aالقاهرة - وصف ورحلات |
| 942 |
_2ddc _cBK |
||
| 999 |
_c31034 _d31034 |
||